00732nam a22001817a 4500003000900000008004100009040007100050082002000121245007200141260005200213300004400265440003400309505013300343650002400476650001500500650001300515700002200528AR-CdUCM190425b ||||| |||| 00| 0 spa d aMUNICIPALIDAD PROVINCIAL DEL CUSCOcBIBLIOTECA MUNICIPAL DEL CUSCO aSur/N°185/1991 aSur :bsemanario regional surandino /cGuido Delran Cousy, Director aCusco.bCentro Bartolomé de las Casas,c1991. a8 páginas. :bilustraciones ;c29 cm. aSur.nAño XIV, N°185,1991. aContenido: Marcha en defensa de la vida la paz y justicia social. -- La colección Cabrera imágenes del Cusco y su gente. ... aSociedad cusqueña aPolítica aSiglo XX aBenavente, Adelma